[Event "PMPJ 2022 - C13"]
[Site "Jastrzebia Gora"]
[Date "2022.11.06"]
[Round "1.13"]
[White "Klim, Juliusz"]
[Black "Krasniewski, Grzegorz"]
[Result "1-0"]
[BlackElo "1129"]
[WhiteElo "1485"]
[LiveChessVersion "1.4.4"]

1. e4 {[%clk 1:30:58]} c5 {[%clk 1:30:58]} 2. Nf3 {[%clk 1:31:26]} e6
{[%clk 1:31:16]} 3. d4 {[%clk 1:31:55]} cxd4 {[%clk 1:31:38]} 4. Nxd4
{[%clk 1:32:23]} Nf6 {[%clk 1:31:53]} 5. Nc3 {[%clk 1:32:52]} Nc6
{[%clk 1:32:16]} 6. Ndb5 {[%clk 1:33:09]} Bb4 {[%clk 1:32:38]} 7. a3
{[%clk 1:33:34]} Bxc3+ {[%clk 1:33:00]} 8. Nxc3 {[%clk 1:33:59]} d5
{[%clk 1:33:21]} 9. Bd3 {[%clk 1:34:24]} d4 {[%clk 1:33:03]} 10. Ne2
{[%clk 1:34:26]} e5 {[%clk 1:32:50]} 11. O-O {[%clk 1:33:23]} O-O
{[%clk 1:32:48]} 12. Ng3 {[%clk 1:32:14]} Be6 {[%clk 1:30:08]} 13. h3
{[%clk 1:30:13]} Rc8 {[%clk 1:27:10]} 14. f4 {[%clk 1:28:23]} exf4
{[%clk 1:26:52]} 15. Bxf4 {[%clk 1:27:17]} Nd7 {[%clk 1:26:16]} 16. Qe1
{[%clk 1:22:22]} Nde5 {[%clk 1:24:52]} 17. Nh5 {[%clk 1:18:30]} f6
{[%clk 1:14:10]} 18. Qg3 {[%clk 1:15:50]} Qe7 {[%clk 1:11:39]} 19. Bb5
{[%clk 1:06:39]} Bd7 {[%clk 1:03:21]} 20. Bxc6 {[%clk 1:03:04]} Bxc6
{[%clk 1:00:58]} 21. Nxf6+ {[%clk 0:56:13]} Rxf6 {[%clk 0:59:47]} 22. Bxe5
{[%clk 0:56:07]} Rg6 {[%clk 0:59:36]} 23. Qf4 {[%clk 0:52:24]} Rf8
{[%clk 0:55:21]} 24. Qxf8+ {[%clk 0:51:29]} Qxf8 {[%clk 0:55:21]} 25. Rxf8+
{[%clk 0:51:56]} Kxf8 {[%clk 0:55:44]} 26. Rf1+ {[%clk 0:49:48]} Ke7
{[%clk 0:55:48]} 27. Bxd4 {[%clk 0:48:58]} Bxe4 {[%clk 0:55:39]} 28. Re1
{[%clk 0:48:35]} Re6 {[%clk 0:55:22]} 29. c3 {[%clk 0:48:04]} b6 {[%clk 0:55:36]}
30. Bxg7 {[%clk 0:47:42]} Bg6 {[%clk 0:55:30]} 31. Kf2 {[%clk 0:46:29]} Rxe1
{[%clk 0:55:23]} 32. Kxe1 {[%clk 0:46:57]} Kd6 {[%clk 0:55:42]} 33. Kd2
{[%clk 0:44:06]} Kd5 {[%clk 0:55:51]} 34. b3 {[%clk 0:42:21]} Be4
{[%clk 0:54:34]} 35. c4+ {[%clk 0:41:29]} Kc5 {[%clk 0:54:42]} 36. g4
{[%clk 0:41:04]} a5 {[%clk 0:53:51]} 37. Ke3 {[%clk 0:39:58]} Bc2
{[%clk 0:53:55]} 38. Bf8+ {[%clk 0:40:01]} Kc6 {[%clk 0:54:14]} 39. b4
{[%clk 0:40:15]} axb4 {[%clk 0:54:12]} 40. axb4 {[%clk 0:40:40]} Bb3
{[%clk 0:53:28]} 41. Kd4 {[%clk 0:40:27]} b5 {[%clk 0:53:05]} 42. cxb5+
{[%clk 0:40:36]} Kxb5 {[%clk 0:53:28]} 43. h4 {[%clk 0:40:26]} Bd1
{[%clk 0:53:36]} 44. g5 {[%clk 0:40:51]} Bh5 {[%clk 0:53:58]} 45. Ke5
{[%clk 0:41:12]} Bg6 {[%clk 0:53:55]} 46. Kf6 {[%clk 0:41:37]} Bh5
{[%clk 0:53:23]} 47. Kg7 {[%clk 0:42:02]} Bg6 {[%clk 0:53:48]} 48. h5
{[%clk 0:42:29]} 1-0

[Event "PMPJ 2022 - C13"]
[Site "Jastrzebia Gora"]
[Date "2022.11.06"]
[Round "1.14"]
[White "Protas, Jakub"]
[Black "Wasiluk, Mateusz"]
[Result "0-1"]
[BlackElo "1477"]
[WhiteElo "1124"]
[LiveChessVersion "1.4.4"]

1. e4 {[%clk 1:30:57]} e6 {[%clk 1:30:53]} 2. d4 {[%clk 1:31:16]} d5
{[%clk 1:31:18]} 3. exd5 {[%clk 1:31:24]} exd5 {[%clk 1:31:41]} 4. Nf3
{[%clk 1:31:18]} Nc6 {[%clk 1:32:04]} 5. Be3 {[%clk 1:29:51]} Bf5
{[%clk 1:28:14]} 6. Bd3 {[%clk 1:27:25]} Bxd3 {[%clk 1:28:29]} 7. Qxd3
{[%clk 1:27:07]} Nf6 {[%clk 1:24:52]} 8. O-O {[%clk 1:21:34]} Be7
{[%clk 1:19:27]} 9. c3 {[%clk 1:18:58]} O-O {[%clk 1:19:26]} 10. Nbd2
{[%clk 1:18:01]} h6 {[%clk 1:02:50]} 11. Bf4 {[%clk 1:13:15]} Nh5
{[%clk 1:00:44]} 12. Be5 {[%clk 1:05:18]} Nxe5 {[%clk 0:52:52]} 13. Nxe5
{[%clk 1:02:14]} Bd6 {[%clk 0:49:22]} 14. Ndf3 {[%clk 0:48:32]} Qc8
{[%clk 0:40:56]} 15. Rfe1 {[%clk 0:41:31]} Nf4 {[%clk 0:38:02]} 16. Qe3
{[%clk 0:38:18]} f6 {[%clk 0:32:06]} 17. Nd3 {[%clk 0:31:09]} Nxd3
{[%clk 0:25:38]} 18. Qxd3 {[%clk 0:31:14]} Qd7 {[%clk 0:22:02]} 19. Nh4
{[%clk 0:24:08]} Rfe8 {[%clk 0:18:48]} 20. Qg6 {[%clk 0:17:45]} Qf7
{[%clk 0:18:24]} 21. Qg4 {[%clk 0:16:46]} Rxe1+ {[%clk 0:16:55]} 22. Rxe1
{[%clk 0:17:02]} Re8 {[%clk 0:16:49]} 23. Re3 {[%clk 0:14:11]} Rxe3
{[%clk 0:14:47]} 24. fxe3 {[%clk 0:14:26]} Kh7 {[%clk 0:13:50]} 25. Nf5
{[%clk 0:11:54]} Bf8 {[%clk 0:13:22]} 26. Ng3 {[%clk 0:10:17]} g6
{[%clk 0:12:38]} 27. Ne2 {[%clk 0:08:45]} f5 {[%clk 0:12:03]} 28. Qf3
{[%clk 0:08:44]} Bd6 {[%clk 0:10:33]} 29. Nf4 {[%clk 0:06:59]} c6
{[%clk 0:10:33]} 30. Nd3 {[%clk 0:07:11]} Qe7 {[%clk 0:08:20]} 31. Nf4
{[%clk 0:06:25]} g5 {[%clk 0:04:56]} 32. Nd3 {[%clk 0:04:50]} Kg6
{[%clk 0:04:27]} 33. Nf2 {[%clk 0:03:46]} h5 {[%clk 0:03:21]} 34. h3
{[%clk 0:03:41]} g4 {[%clk 0:02:50]} 35. Qe2 {[%clk 0:02:43]} Bf4
{[%clk 0:02:20]} 36. hxg4 {[%clk 0:02:19]} hxg4 {[%clk 0:02:35]} 37. Nd1
{[%clk 0:01:00]} Bd6 {[%clk 0:02:44]} 38. Nf2 {[%clk 0:01:07]} Qh4
{[%clk 0:02:18]} 39. Kf1 {[%clk 0:00:54]} Qh2 {[%clk 0:02:01]} 40. Qd3
{[%clk 0:30:34]} g3 {[%clk 0:31:48]} 41. Nh3 {[%clk 0:29:39]} Qh1+
{[%clk 0:30:11]} 42. Ng1 {[%clk 0:29:58]} Qh4 {[%clk 0:17:41]} 43. Nf3
{[%clk 0:19:23]} Qe7 {[%clk 0:16:03]} 44. Ke2 {[%clk 0:15:36]} Kf6
{[%clk 0:14:01]} 45. Kd2 {[%clk 0:11:29]} f4 {[%clk 0:11:58]} 46. Nh4
{[%clk 0:11:06]} Qe4 {[%clk 0:11:00]} 47. Ke2 {[%clk 0:05:09]} Kg5
{[%clk 0:07:33]} 48. Nf3+ {[%clk 0:04:49]} Kg4 {[%clk 0:07:03]} 49. Qxe4
{[%clk 0:02:59]} dxe4 {[%clk 0:07:19]} 50. Nd2 {[%clk 0:03:07]} Kf5
{[%clk 0:06:37]} 51. Nc4 {[%clk 0:02:21]} Bc7 {[%clk 0:06:30]} 52. b4
{[%clk 0:01:37]} b5 {[%clk 0:04:32]} 53. Nd2 {[%clk 0:01:40]} fxe3
{[%clk 0:01:42]} 54. Nf1 {[%clk 0:01:55]} a5 {[%clk 0:01:26]} 55. Nxe3+
{[%clk 0:01:47]} Ke6 {[%clk 0:01:33]} 56. a3 {[%clk 0:01:59]} a4 {[%clk 0:01:34]}
57. Kd1 {[%clk 0:00:50]} Bf4 {[%clk 0:01:46]} 58. Nf1 {[%clk 0:00:35]} Kd5
{[%clk 0:01:09]} 59. Kc2 {[%clk 0:00:31]} Kc4 {[%clk 0:01:05]} 60. Nd2+
{[%clk 0:00:32]} Bxd2 {[%clk 0:01:20]} 61. Kxd2 Kb3 62. Ke3 Kxa3 63. Kd2 0-1

[Event "PMPJ 2022 - C13"]
[Site "Jastrzebia Gora"]
[Date "2022.11.06"]
[Round "1.15"]
[White "Gawlik, Olivier"]
[Black "Kuczmik, Adam"]
[Result "1-0"]
[BlackElo "1105"]
[WhiteElo "1386"]
[LiveChessVersion "1.4.4"]

1. e4 e6 2. d3 d5 3. Nd2 c5 4. Ngf3 Nf6 5. g3 Nc6 6. Bg2 Be7 7. O-O d4 8. Re1 a6
9. Nc4 Nd7 10. a4 e5 11. h4 h6 12. Qd2 b6 13. Kf1 Rb8 14. Ng1 b5 15. axb5 axb5
16. Na5 Nxa5 17. Qxa5 Qxa5 18. Rxa5 c4 19. Bd2 cxd3 20. cxd3 Nc5 21. Nf3 Nxd3 22.
Rb1 f6 23. b4 Be6 24. Kg1 O-O 25. Bf1 Bc4 26. Ra3 f5 27. exf5 Rxf5 28. Bxd3 Bxd3
29. Rxd3 e4 30. Rxd4 exf3 31. Rb3 Rbf8 32. Rbd3 g5 33. hxg5 hxg5 34. g4 R5f7 35.
Rd5 Rh7 36. Re5 Bd6 37. Rxg5+ Kh8 1-0

[Event "PMPJ 2022 - C13"]
[Site "Jastrzebia Gora"]
[Date "2022.11.06"]
[Round "1.16"]
[White "Wiecek, Dominik"]
[Black "Rzap, Filip"]
[Result "1/2-1/2"]
[BlackElo "1386"]
[WhiteElo "1077"]
[LiveChessVersion "1.4.4"]

1. e4 c5 2. Nf3 d6 3. d4 cxd4 4. Nxd4 Nf6 5. Nc3 a6 6. Be2 e5 7. Nb3 Be6 8. f4
Be7 9. fxe5 dxe5 10. Qxd8+ Bxd8 11. Bg5 Nbd7 12. O-O O-O 13. Rad1 Bb6+ 14. Kh1
Ng4 15. Bxg4 Bxg4 16. Rd3 Nc5 17. Nxc5 Bxc5 18. Rg3 Bh5 19. Bh6 Bg6 20. Be3 Bd4
21. Bxd4 exd4 22. Ne2 Bxe4 23. Nxd4 Rad8 24. c3 Rfe8 25. a4 f6 26. h4 Kf7 27. Kh2
Rd5 28. Re1 Rh5 29. Rge3 Rhe5 30. Nf3 Bxf3 31. Rxe5 Rxe5 32. Rxe5 fxe5 33. gxf3
Ke6 34. Kg3 Kd5 35. Kg4 Kc4 36. Kf5 Kb3 37. a5 Kxb2 38. Kxe5 Kxc3 39. Ke6 Kb4 40.
Kf7 Kxa5 41. Kxg7 b5 42. f4 b4 43. f5 b3 44. f6 b2 45. f7 b1=Q 46. f8=Q Qg6+ 47.
Kh8 Kb5 48. Qb8+ Kc5 49. Qc7+ Kd5 50. Qxh7 Qxh7+ 51. Kxh7 a5 52. h5 a4 53. h6 a3
54. Kg8 a2 55. h7 a1=Q 56. h8=Q Qxh8+ 57. Kxh8 1/2-1/2

[Event "PMPJ 2022 - C13"]
[Site "Jastrzebia Gora"]
[Date "2022.11.06"]
[Round "1.17"]
[White "Rabenda, Piotr"]
[Black "Bastock, Luis"]
[Result "1-0"]
[BlackElo "1035"]
[WhiteElo "1381"]
[LiveChessVersion "1.4.4"]

1. e4 e5 2. Nf3 Nf6 3. d3 Nc6 4. c3 d5 5. Qc2 Be7 6. Be2 Qd6 7. b4 a6 8. a4 O-O
9. O-O b6 10. Nbd2 Bb7 11. Re1 Nd8 12. Bf1 Ne6 13. exd5 Nxd5 14. Nc4 Qd8 15.
Ncxe5 c5 16. bxc5 Nxc5 17. d4 Nd7 18. Qb3 Rc8 19. Bd2 Kh8 20. Bc4 N7f6 21. Re2 h6
22. Rae1 Kh7 23. Bd3+ g6 24. c4 Nc7 25. Nxg6 fxg6 26. Rxe7+ Kh8 27. Bxh6 Rg8 28.
Ng5 1-0

[Event "PMPJ 2022 - C13"]
[Site "Jastrzebia Gora"]
[Date "2022.11.12"]
[Round "2.1"]
[White "Klim, Juliusz"]
[Black "Zielonka, Adam"]
[Result "0-1"]
[BlackElo "2058"]
[WhiteElo "1485"]
[LiveChessVersion "1.4.4"]

1. e4 {[%clk 1:30:58]} e5 {[%clk 1:30:39]} 2. Nf3 {[%clk 1:31:21]} Nc6
{[%clk 1:31:04]} 3. Bc4 {[%clk 1:31:47]} Bc5 {[%clk 1:31:29]} 4. c3
{[%clk 1:32:11]} Nf6 {[%clk 1:31:53]} 5. d3 {[%clk 1:32:35]} O-O {[%clk 1:32:01]}
6. Nbd2 {[%clk 1:29:47]} d5 {[%clk 1:32:17]} 7. exd5 {[%clk 1:29:52]} Nxd5
{[%clk 1:32:42]} 8. Ne4 {[%clk 1:28:11]} Be7 {[%clk 1:33:08]} 9. O-O
{[%clk 1:27:33]} Nb6 {[%clk 1:33:13]} 10. Bb3 {[%clk 1:26:26]} Bf5
{[%clk 1:33:21]} 11. Be3 {[%clk 1:21:55]} Nd5 {[%clk 1:33:18]} 12. Bc5
{[%clk 1:17:22]} Nf4 {[%clk 1:14:05]} 13. Bxe7 {[%clk 1:15:05]} Qxe7
{[%clk 1:14:31]} 14. Re1 {[%clk 1:05:57]} Rad8 {[%clk 1:13:05]} 15. d4
{[%clk 1:01:05]} exd4 {[%clk 1:10:41]} 16. Ng3 {[%clk 0:58:03]} Qd7
{[%clk 1:11:03]} 17. Nxd4 {[%clk 0:54:50]} Nxd4 {[%clk 1:10:20]} 18. Qxd4
{[%clk 0:52:15]} Qxd4 {[%clk 1:10:20]} 19. cxd4 {[%clk 0:52:34]} Be6
{[%clk 1:09:58]} 20. Re4 {[%clk 0:49:32]} Nd5 {[%clk 1:10:23]} 21. Rd1
{[%clk 0:46:08]} Rd7 {[%clk 1:08:37]} 22. Ne2 {[%clk 0:43:56]} Rfd8
{[%clk 1:08:07]} 23. f3 {[%clk 0:39:33]} c6 {[%clk 1:07:18]} 24. Nc3
{[%clk 0:38:29]} Nc7 {[%clk 1:07:03]} 25. Kf2 {[%clk 0:33:53]} Bxb3
{[%clk 1:06:56]} 26. axb3 {[%clk 0:34:18]} f5 {[%clk 1:04:41]} 27. Rf4
{[%clk 0:31:52]} g6 {[%clk 1:04:46]} 28. Ne2 {[%clk 0:28:54]} Kg7
{[%clk 1:02:06]} 29. Rh4 {[%clk 0:26:24]} g5 {[%clk 1:00:31]} 30. Rh3
{[%clk 0:24:48]} Nb5 {[%clk 0:59:19]} 31. f4 {[%clk 0:23:16]} gxf4
{[%clk 0:58:00]} 32. Rhd3 {[%clk 0:22:27]} Kf6 {[%clk 0:57:47]} 33. b4
{[%clk 0:17:23]} Kg5 {[%clk 0:52:11]} 34. Kf3 {[%clk 0:17:13]} Re8
{[%clk 0:45:41]} 35. Nxf4 {[%clk 0:16:12]} Re4 {[%clk 0:45:23]} 36. g3
{[%clk 0:15:26]} Kf6 {[%clk 0:43:42]} 37. Ne2 {[%clk 0:14:45]} h6
{[%clk 0:36:51]} 38. Kf2 {[%clk 0:13:28]} Rde7 {[%clk 0:29:47]} 39. Nf4
{[%clk 0:12:10]} Nc7 {[%clk 0:29:13]} 40. Ra3 {[%clk 0:09:25]} a6
{[%clk 0:28:56]} 41. Rc3 {[%clk 0:08:33]} Ne6 {[%clk 0:27:53]} 42. Nxe6
{[%clk 0:06:39]} R7xe6 {[%clk 0:28:08]} 43. Rd2 {[%clk 0:06:28]} Rd6
{[%clk 0:28:27]} 44. Rcd3 {[%clk 0:06:30]} Rd5 {[%clk 0:28:47]} 45. Kf3
{[%clk 0:04:12]} Rb5 {[%clk 0:27:23]} 46. d5 {[%clk 0:04:13]} cxd5
{[%clk 0:26:29]} 47. Rxd5 {[%clk 0:04:41]} Rxd5 {[%clk 0:26:43]} 48. Rxd5
{[%clk 0:05:10]} Rxb4 {[%clk 0:27:06]} 49. Rd2 {[%clk 0:05:35]} a5
{[%clk 0:26:48]} 50. h3 {[%clk 0:05:24]} h5 {[%clk 0:27:00]} 51. Re2
{[%clk 0:05:19]} a4 {[%clk 0:27:18]} 52. Rd2 {[%clk 0:05:03]} b5 {[%clk 0:27:18]}
53. Re2 {[%clk 0:04:39]} Rd4 {[%clk 0:27:21]} 54. Rc2 {[%clk 0:04:30]} Rc4
{[%clk 0:26:56]} 55. Rd2 {[%clk 0:04:48]} b4 {[%clk 0:27:10]} 56. Rd6+
{[%clk 0:04:33]} Ke5 {[%clk 0:27:35]} 57. Ra6 {[%clk 0:04:33]} a3
{[%clk 0:25:38]} 58. Ra5+ {[%clk 0:04:38]} Kd4 {[%clk 0:25:02]} 59. bxa3
{[%clk 0:04:58]} Rc3+ {[%clk 0:25:11]} 60. Kf4 {[%clk 0:05:20]} Rxa3
{[%clk 0:25:38]} 61. Rxf5 {[%clk 0:05:26]} b3 {[%clk 0:25:55]} 62. Rxh5
{[%clk 0:05:41]} Ra4 {[%clk 0:26:17]} 63. Rb5 {[%clk 0:05:41]} Kc3+
{[%clk 0:25:31]} 64. Kf5 {[%clk 0:05:18]} Rb4 {[%clk 0:25:54]} 65. Rc5+
{[%clk 0:05:06]} Kd2 {[%clk 0:26:17]} 66. Rd5+ {[%clk 0:03:46]} Ke2
{[%clk 0:25:33]} 67. Rc5 {[%clk 0:02:52]} b2 {[%clk 0:24:57]} 68. Rc2+
{[%clk 0:03:16]} Kf3 {[%clk 0:25:22]} 69. Rxb2 {[%clk 0:03:16]} Rxb2
{[%clk 0:25:47]} 70. h4 {[%clk 0:03:26]} Rb5+ {[%clk 0:26:08]} 71. Kg6
{[%clk 0:03:30]} Kg4 {[%clk 0:26:33]} 0-1

[Event "PMPJ 2022 - C13"]
[Site "Jastrzebia Gora"]
[Date "2022.11.12"]
[Round "2.2"]
[White "Bochniak, Franciszek"]
[Black "Gawlik, Olivier"]
[Result "1-0"]
[BlackElo "1386"]
[WhiteElo "1839"]
[LiveChessVersion "1.4.4"]

1. d4 Nf6 2. Bg5 Ne4 3. h4 c5 4. d5 h6 5. Bf4 Qb6 6. Nd2 Qxb2 7. Nxe4 Qb4+ 8. Bd2
Qxe4 9. Bc3 e6 10. dxe6 dxe6 11. Nf3 Qd5 12. Qc1 Nc6 13. Qb2 e5 14. Rd1 Qe6 15.
Nxe5 Nxe5 16. Bxe5 f6 17. Bf4 Qb6 18. Qxb6 axb6 19. e4 Be6 20. Bb5+ Kf7 21. a4
Be7 22. O-O g5 23. Bg3 gxh4 24. Bxh4 Rhd8 25. Bg3 Rxd1 26. Rxd1 Rd8 27. Rd3 Rxd3
28. cxd3 Bd8 29. Bd6 Kg6 30. f3 h5 31. g3 Bb3 32. Kf2 Bf7 33. Ke3 Kg7 34. Kd2 Bb3
35. Kc3 Be6 36. Be8 Bf7 37. Bd7 Ba2 38. Bc8 Bf7 39. Bxb7 Be8 40. Kb3 Bd7 41. Bd5
Kg6 42. f4 Be8 43. Bc4 Bd7 44. Bb5 Be6+ 45. Kc3 Bf7 46. Bd7 Kg7 47. Kc2 Bg6 48.
Kc3 Bf7 49. d4 cxd4+ 50. Kxd4 Bb3 51. Kc3 Bd1 52. Kb4 Be2 53. Bb5 Bf3 54. Bd3 Bd1
55. f5 Kf7 56. Bc4+ Kg7 57. Bd5 Be2 58. Bc6 Kf7 59. Kc3 Bd1 60. Kd2 Bf3 61. Ke3
Bd1 62. Kd4 Bf3 63. Bd5+ Kg7 64. e5 Bxd5 65. Kxd5 fxe5 66. Bxe5+ Kf7 67. Kc6 Ke7
68. Bc7 1-0

[Event "PMPJ 2022 - C13"]
[Site "Jastrzebia Gora"]
[Date "2022.11.12"]
[Round "2.3"]
[White "Wasiluk, Mateusz"]
[Black "Terkiewicz, Bruno"]
[Result "0-1"]
[BlackElo "1839"]
[WhiteElo "1477"]
[LiveChessVersion "1.4.4"]

1. e4 c6 2. d4 {[%clk 1:31:22]} d5 {[%clk 1:31:28]} 3. exd5 {[%clk 1:31:45]} cxd5
{[%clk 1:31:55]} 4. Bd3 {[%clk 1:32:09]} Nc6 {[%clk 1:32:23]} 5. c3
{[%clk 1:32:31]} Qc7 {[%clk 1:32:52]} 6. Na3 {[%clk 1:32:47]} Nf6
{[%clk 1:31:56]} 7. Ne2 {[%clk 1:31:47]} Bg4 {[%clk 1:31:15]} 8. O-O
{[%clk 1:13:26]} a6 {[%clk 1:30:22]} 9. f3 {[%clk 1:10:33]} Bd7 {[%clk 1:30:45]}
10. Rb1 {[%clk 1:09:38]} e5 {[%clk 1:28:01]} 11. dxe5 {[%clk 1:07:46]} Nxe5
{[%clk 1:28:23]} 12. Nc2 {[%clk 1:06:02]} Bd6 {[%clk 1:28:34]} 13. f4
{[%clk 0:51:35]} Nxd3 {[%clk 1:27:27]} 14. Qxd3 {[%clk 0:51:59]} O-O
{[%clk 1:26:17]} 15. Ncd4 {[%clk 0:49:45]} Rfe8 {[%clk 1:26:21]} 16. Kh1
{[%clk 0:47:32]} Ne4 {[%clk 1:23:14]} 17. g3 {[%clk 0:36:52]} Bh3
{[%clk 1:21:38]} 18. Rf3 {[%clk 0:36:22]} Bg4 {[%clk 1:21:56]} 19. Rf1
{[%clk 0:36:20]} Nc5 {[%clk 1:22:08]} 20. Qc2 {[%clk 0:29:51]} Re4
{[%clk 1:21:31]} 21. f5 {[%clk 0:28:38]} Nd7 {[%clk 1:18:19]} 22. Bf4
{[%clk 0:27:06]} Ne5 {[%clk 1:17:53]} 23. Kg2 {[%clk 0:21:56]} Nc4
{[%clk 1:17:54]} 24. Rbe1 {[%clk 0:18:25]} Bxf4 25. Nxf4 Rxd4 {[%clk 1:17:21]}
26. Rf2 Rd1 27. Rxd1 Ne3+ 28. Kg1 Nxc2 0-1

[Event "PMPJ 2022 - C13"]
[Site "Jastrzebia Gora"]
[Date "2022.11.12"]
[Round "2.4"]
[White "Nocek, Dominik"]
[Black "Rabenda, Piotr"]
[Result "1-0"]
[BlackElo "1381"]
[WhiteElo "1605"]
[LiveChessVersion "1.4.4"]

1. e4 {[%clk 1:30:57]} c5 {[%clk 1:30:57]} 2. Nf3 {[%clk 1:31:19]} d6
{[%clk 1:31:22]} 3. d4 {[%clk 1:31:43]} cxd4 4. Nxd4 {[%clk 1:32:06]} Nf6
{[%clk 1:32:09]} 5. Nc3 {[%clk 1:32:27]} a6 {[%clk 1:32:34]} 6. g3
{[%clk 1:32:41]} b5 {[%clk 1:30:42]} 7. Bg2 {[%clk 1:33:01]} Bb7 {[%clk 1:30:13]}
8. O-O {[%clk 1:33:09]} e6 {[%clk 1:29:27]} 9. Re1 {[%clk 1:32:09]} Qc7
{[%clk 1:29:25]} 10. Nd5 {[%clk 1:28:59]} exd5 {[%clk 1:06:18]} 11. exd5+
{[%clk 1:29:15]} Kd8 {[%clk 1:05:52]} 12. Bg5 {[%clk 1:22:54]} Nbd7
{[%clk 0:53:34]} 13. a4 {[%clk 0:56:14]} bxa4 {[%clk 0:48:14]} 14. Ra3
{[%clk 0:52:17]} h6 {[%clk 0:41:22]} 15. Rc3 hxg5 16. Rxc7 Kxc7 17. Re3 Rc8 18.
Rc3+ Kb8 19. Nc6+ Bxc6 20. dxc6 Nb6 21. Qd3 Ka7 22. Bf1 Kb8 23. Qxa6 Kc7 24. Qb7+
Kd8 25. Qxb6+ Ke8 26. Qb7 Kd8 27. c7+ Kd7 28. Qxc8+ Kxc8 29. Ba6+ Kd7 30. c8=Q+
Ke7 31. Rc7+ {[%clk 0:32:00]} Nd7 {[%clk 0:18:23]} 32. Qxd7+ {[%clk 0:32:10]} Kf6
{[%clk 0:18:49]} 33. Qxf7+ {[%clk 0:32:14]} Ke5 34. Bc4 Rh6 35. Qd5+ Kf6 36. Qe6#
1-0

[Event "PMPJ 2022 - C13"]
[Site "Jastrzebia Gora"]
[Date "2022.11.12"]
[Round "2.5"]
[White "Jodlowski, Robert"]
[Black "Kowalski, Witold"]
[Result "0-1"]
[BlackElo "1528"]
[WhiteElo "1302"]
[LiveChessVersion "1.4.4"]

1. c4 {[%clk 1:30:58]} c5 {[%clk 1:30:29]} 2. g3 {[%clk 1:31:17]} Nc6
{[%clk 1:30:40]} 3. Bg2 {[%clk 1:31:35]} g6 {[%clk 1:30:46]} 4. e3
{[%clk 1:31:46]} Bg7 {[%clk 1:30:35]} 5. Ne2 {[%clk 1:32:06]} e5 {[%clk 1:22:51]}
6. Nbc3 {[%clk 1:30:23]} d6 {[%clk 1:16:49]} 7. Nd5 {[%clk 1:29:14]} Nge7
{[%clk 1:14:15]} 8. Nec3 {[%clk 1:29:08]} Be6 {[%clk 1:11:04]} 9. Qb3
{[%clk 1:29:06]} Qd7 {[%clk 1:03:17]} 10. Nb5 {[%clk 1:24:02]} Bxd5
{[%clk 1:01:20]} 11. cxd5 {[%clk 1:24:22]} Nb4 {[%clk 1:01:19]} 12. a4
{[%clk 1:16:23]} O-O {[%clk 0:51:00]} 13. d4 {[%clk 1:13:32]} exd4
{[%clk 0:38:45]} 14. Nxd4 {[%clk 1:13:19]} Bxd4 {[%clk 0:25:54]} 15. exd4
{[%clk 1:13:33]} Nf5 {[%clk 0:25:48]} 16. dxc5 {[%clk 1:12:03]} Nd4
{[%clk 0:25:36]} 17. Qc4 {[%clk 1:11:58]} Nbc2+ {[%clk 0:22:20]} 18. Kf1
{[%clk 1:12:23]} Rfe8 {[%clk 0:20:37]} 19. Bh6 {[%clk 1:11:54]} Nxa1
{[%clk 0:21:01]} 20. Qxd4 {[%clk 1:12:20]} Re1+ {[%clk 0:21:28]} 21. Kxe1
{[%clk 1:11:06]} Nc2+ {[%clk 0:21:55]} 22. Kd2 {[%clk 1:11:32]} Nxd4
{[%clk 0:22:03]} 23. cxd6 {[%clk 1:11:46]} Qxd6 {[%clk 0:21:27]} 24. Re1
{[%clk 1:10:51]} Qb4+ {[%clk 0:22:14]} 25. Kd1 {[%clk 1:11:17]} Qb3+
{[%clk 0:22:12]} 26. Kd2 {[%clk 1:11:40]} Qc2+ {[%clk 0:22:13]} 27. Ke3
{[%clk 1:12:05]} Re8+ {[%clk 0:22:29]} 28. Kxd4 {[%clk 1:12:18]} Rxe1
{[%clk 0:22:33]} 29. d6 {[%clk 1:12:33]} Rd1+ {[%clk 0:21:30]} 30. Ke5
{[%clk 1:12:48]} Qf5# {[%clk 0:21:44]} 31. Kd4 0-1

[Event "PMPJ 2022 - C13"]
[Site "Jastrzebia Gora"]
[Date "2022.11.12"]
[Round "2.6"]
[White "Baranowski, Jan"]
[Black "Jaszczuk, Piotr"]
[Result "1/2-1/2"]
[BlackElo "1512"]
[WhiteElo "1212"]
[LiveChessVersion "1.4.4"]

1. d4 {[%clk 1:30:58]} Nf6 {[%clk 1:30:52]} 2. c4 {[%clk 1:31:21]} e6
{[%clk 1:31:14]} 3. Nf3 {[%clk 1:31:40]} b6 {[%clk 1:31:25]} 4. g3
{[%clk 1:31:47]} Bb7 {[%clk 1:30:35]} 5. Bg2 {[%clk 1:32:08]} Bb4+
{[%clk 1:29:23]} 6. Bd2 {[%clk 1:31:16]} Bxd2+ {[%clk 1:28:50]} 7. Nbxd2
{[%clk 1:31:38]} d6 {[%clk 1:28:21]} 8. O-O Nbd7 {[%clk 1:26:00]} 9. Qc2
{[%clk 1:29:00]} O-O {[%clk 1:19:46]} 10. e4 {[%clk 1:18:20]} e5 {[%clk 1:16:58]}
11. d5 c6 {[%clk 1:16:58]} 12. b4 {[%clk 1:16:54]} Qc7 {[%clk 1:14:00]} 13. Rfc1
{[%clk 1:14:57]} Rfc8 {[%clk 1:08:13]} 14. Qb2 {[%clk 1:06:54]} Qd8
{[%clk 1:03:15]} 15. Ne1 {[%clk 1:01:47]} a5 {[%clk 0:59:13]} 16. b5
{[%clk 1:01:34]} c5 {[%clk 0:55:45]} 17. a4 {[%clk 1:01:00]} Qe7 {[%clk 0:54:27]}
18. Nef3 {[%clk 1:01:18]} Rf8 {[%clk 0:53:28]} 19. Nh4 {[%clk 0:58:51]} g6
{[%clk 0:50:58]} 20. Qb3 {[%clk 0:55:03]} Ne8 {[%clk 0:46:34]} 21. Bh3 Ng7
{[%clk 0:46:34]} 22. Qe3 {[%clk 0:51:06]} Bc8 {[%clk 0:44:39]} 23. Qh6 Nf6
{[%clk 0:44:46]} 24. Bxc8 {[%clk 0:49:37]} Raxc8 {[%clk 0:42:02]} 25. h3
{[%clk 0:42:29]} Kh8 {[%clk 0:41:27]} 26. Rf1 {[%clk 0:42:49]} Ng8
{[%clk 0:41:27]} 27. Qe3 {[%clk 0:40:28]} f5 {[%clk 0:41:02]} 28. f4
{[%clk 0:30:38]} exf4 29. Qf3 {[%clk 0:30:45]} fxg3 {[%clk 0:37:30]} 30. Qxg3
{[%clk 0:29:17]} fxe4 {[%clk 0:31:17]} 31. Rae1 {[%clk 0:27:35]} Nf5
{[%clk 0:31:17]} 32. Qc3+ {[%clk 0:27:35]} Qg7 {[%clk 0:31:26]} 33. Qxg7+
{[%clk 0:27:02]} Kxg7 {[%clk 0:31:26]} 34. Rxe4 {[%clk 0:27:02]} Nxh4
{[%clk 0:30:07]} 35. Rxh4 {[%clk 0:27:27]} Rxf1+ {[%clk 0:29:46]} 36. Kxf1
{[%clk 0:27:27]} Nf6 {[%clk 0:29:23]} 37. Ne4 {[%clk 0:27:27]} Rf8
{[%clk 0:13:56]} 38. Kg2 {[%clk 0:26:52]} h6 {[%clk 0:13:56]} 39. Nxf6
{[%clk 0:26:52]} Rxf6 {[%clk 0:13:52]} 40. Re4 {[%clk 0:27:12]} Kf8
{[%clk 0:13:42]} 41. Kg3 {[%clk 0:27:12]} 1/2-1/2